Guess the 1960s song lyrics #338 - Statistics

General Stats
  • This quiz has been taken 7 times
  • The average score is 121 of 180
Answer Stats
Answer % Correct
A
100%
do
100%
I
100%
love
100%
me
100%
tell
100%
Tell
100%
the
100%
to
100%
Why
100%
why
100%
are
83%
dream
83%
every
83%
have
83%
lovers
83%
night
83%
of
83%
Oh
83%
that
83%
they
83%
we
83%
what
83%
When
83%
Where
83%
always
67%
apart
67%
at
67%
can't
67%
don't
67%
dreams
67%
each
67%
I'm
67%
just
67%
life
67%
one
67%
were
67%
we're
67%
break
50%
done
50%
dreaming
50%
drift
50%
hurt
50%
look
50%
now
50%
ones
50%
we've
50%
crying
33%
hearts
33%
other's
33%
others
33%
understand
33%
was
33%
ago
17%
Bob B Soxx
17%
finish
17%
start
17%
world
17%
year
17%
bright
0%
Help
0%
help
0%
met
0%
planned
0%
where's
0%
No matching quizzes found
Score Distribution
Percent of People with Each Score
Percentile by Number Answered
Your Score History
You have not taken this quiz